THE HIGLY ATTENUATED E5"14" PLAQUE-CLONED DERIVATIVE FROM THE LANGAT TP21 E5 STRAIN. ISOLATION AND PROPERTIES

Bibliographic Details
Main Author: Mayer, V. (Author)
Format: Article
Language:Slovak
English

MARC

LEADER 00000nab a2200000ua 4500
001 vtls010748653
003 SK-MaSNL
005 20260304202605.0
008 250718s1973 xo |||||||||||||||||slo|
035 |a (urnnbn)urn:nbn:sk:snk:ar-a02ajh 
035 |a (uuid)88856073-2551-4baf-8ebb-960153390010 
035 |a urn:nbn:sk:snk-ab4j8m 
040 |a SNKBUCL  |b slo  |c SNKBUCL  |e AACR2 
041 0 |a eng 
044 |a xo  |c SK 
100 1 |a Mayer, V.  |4 aut  |9 923825 
245 1 0 |a THE HIGLY ATTENUATED E5"14" PLAQUE-CLONED DERIVATIVE FROM THE LANGAT TP21 E5 STRAIN. ISOLATION AND PROPERTIES  |c V. Mayer 
773 0 |t Acta virologica  |g Roč. 17, č. 3 (1973), s. 263 
850 |a Slovenská národná knižnica 
852 |a Slovenská národná knižnica 
958 |a article3 
958 |a OND 
958 |a EUIPO 
999 |c 3104121  |d 3106051